01195nab a22002057a 4500999001500000003000400015005001700019008004100036040000700077100003800084245010200122300001200224500003800236505038000274505010000654650002800754650003500782773015900817942001300976 c6266d6266OSt20260128022607.0190514b xxu||||| |||| 00| 0 spa d cPJ 95064aFernández, María José10aSobre el interés legítimo en la impugnación de la maternidad /cMaría José Fernández  ap. 8-16 aCita: TR LALEY AR/DOC/2716/2025.  aSumario: I. Plataforma fáctica.— II. Estado de familia.— III. El vínculo filial. Principios que lo rigen.— IV. La socioafectividad.— V. Acciones de estado. Impugnación de la maternidad.— VI. La caducidad de la acción.— VII. Derecho de las sucesiones. Fuentes de la vocación hereditaria.— VIII. El caso sometido a decisión.— IX. Reflexión final.  tFallo comentado: CNCiv., sala E ~ 05/06/2025 ~ C., R. c. P., P. A. s/ exclusión de heredero. 09967aDERECHO DE FAMILIA 091057aJURISPRUDENCIA APLICABLE0 0284493222dBuenos Aires : AbeledoPerrot, 1989-tDerecho de familia. Revista Interdisciplinaria de doctrina y jurisprudencia. Diciembre 2025-VI.z18511201 2udccANA